The status of Title IX in public high school physical education programs in the state of Florida /

Bibliographic Details
Main Author: Nisco, Elizabeth Ann, 1953-
Format: Thesis Microform Book
Language:English
Published: [Place of publication not identified] : [publisher not identified] ; 1979.
Subjects:

MARC

Tag First Indicator Second Indicator Subfields
LEADER 00000cam a2200000 a 4500
001 in00000084258
005 20151008055729.0
007 he bm| ba||
008 810414r19811979oru bb 00010 eng d
035 |a (OCoLC)07335952 
035 |9 AAJ4231AM 
040 |a Univ. of Oregon  |c XBM  |d XBM  |d TXA  |d UtOrBLW 
043 |a n-us-fl 
049 |a TXAI 
099 |a fiche  |a C  |a 4115 
100 1 |a Nisco, Elizabeth Ann,  |d 1953- 
245 1 4 |a The status of Title IX in public high school physical education programs in the state of Florida /  |c by Elizabeth Ann Nisco. 
264 1 |a [Place of publication not identified] :  |b [publisher not identified] ;  |c 1979. 
300 |a viii, 76 leaves. 
336 |a text  |b txt  |2 rdacontent 
337 |a microform  |b h  |2 rdamedia 
338 |a microfiche  |b he  |2 rdacarrier 
500 |a Vita. 
502 |b M.A.  |c University of Florida  |d 1979. 
504 |a Bibliography: leaves 72-75. 
533 |a Microfiche.  |b Eugene :  |c Microform Publications, College of Health, Physical Education and Recreation, University of Oregon,  |d 1981.  |e 1 microfiche : negative ; 11 x 15 cm. 
500 |a Microform. 
610 1 0 |a United States.  |t Education Amendments of 1972. 
650 0 |a Sex discrimination in education  |z Florida. 
650 0 |a Physical education and training  |x Study and teaching (Secondary)  |z Florida. 
999 |a MARS 
999 f f |s 820c0c58-dc63-3046-b1f2-8d05e2a5f41a  |i 447afe89-36b3-3ac2-b312-529cf42f516e  |t 0 
952 f f |p normal  |a Texas A&M University  |b College Station  |c Sterling C. Evans Library  |d Evans: Microforms (3rd floor)  |t 0  |e fiche C 4115  |h Other scheme  |i microform -- microfiche  |m A14821766260 
998 f f |a fiche C 4115  |t 0  |l Evans: Microforms (3rd floor)